| 000 | 00527nam a2200145Ia 4500 | ||
|---|---|---|---|
| 999 |
_c1558 _d1558 |
||
| 020 | _a92-1-100350-4 | ||
| 082 | _aRR 005.025 DIR; | ||
| 245 | 0 | _aDirectory of applications software of the United Nations system | |
| 260 |
_aNew York _bUnited Nations Publications _c1990 |
||
| 300 | _a80p. | ||
| 650 | _aApplication software - Directories - United Nations - | ||
| 650 | _aApplication software - Databases - Directories - United Nations - | ||
| 710 | _aAdvisory Committee for the Co-ordination of Information Systems | ||
| 942 | _cBK | ||